000 00591nam a2200133Ia 4500
008 100328s9999 xx 000 0 und d
082 _b70201
100 _aढोले संजय.
245 _aप्रेमाचा रेणू (विज्ञान कथासंग्रह).
260 _bमेहता पब्लिशिंग हाऊस.
630 _aप्रेमाचा रेणू (विज्ञान कथासंग्रह).
730 _aप्रेमाचा रेणू (विज्ञान कथासंग्रह).
942 _cBOOK
999 _c555929
_d555926